|
|
|
|
| LEADER |
01568nam a2200373 4500 |
| 001 |
DLU190189569 |
| 005 |
##20190227 |
| 020 |
# |
# |
|a 9786045433836
|
| 040 |
# |
# |
|a DLU
|b vie
|
| 041 |
# |
# |
|a vie
|
| 044 |
# |
# |
|a vn
|
| 082 |
# |
# |
|a 807.12
|b Gia
|
| 245 |
# |
# |
|a Giáo trình thực hành dạy học Ngữ văn ở trường phổ thông /
|c Phạm Thị Thu Hương chủ biên, ... [et al.].
|
| 260 |
# |
# |
|a H. :
|b Đại học Sư phạm,
|c 2017.
|
| 300 |
# |
# |
|a 392 tr. :
|b minh họa;
|c 24 cm.
|
| 505 |
# |
# |
|a Môđun 1: Thực hành tìm hiểu hoạt động dạy học Ngữ văn ở trường phổ thông -- Môđun 2. Thực hành sử dụng phương tiện dạy học trong dạy học Ngữ văn ở trường phổ thông -- Môđun 3. Thực hành thiết kế bài học Ngữ văn -- Môđun 4. Thực hành dạy học Ngữ văn -- Môđun 5. Thực hành đánh giá trong dạy học Ngữ văn -- Môđun 6. Thực hành tổ chức hoạt động trải nghiệm sáng tạo trong dạy học Ngữ văn.
|
| 650 |
# |
# |
|a Văn học
|x Dạy và học
|v Giáo trình.
|
| 700 |
# |
# |
|a Đoàn Thị Thanh Huyền.
|
| 700 |
# |
# |
|a Lê Thị Minh Nguyệt.
|
| 700 |
# |
# |
|a Phạm Thị Thu Hương,
|e chủ biên.
|
| 700 |
# |
# |
|a Phan Thị Hồng Xuân.
|
| 700 |
# |
# |
|a Trần Hoài Phương.
|
| 700 |
# |
# |
|a Trịnh Thị Lan.
|
| 923 |
# |
# |
|a 05/2018
|
| 991 |
# |
# |
|a GT
|
| 992 |
# |
# |
|a 95000
|
| 994 |
# |
# |
|a DLU
|
| 900 |
# |
# |
|a True
|
| 911 |
# |
# |
|a Nguyễn Thanh Hương
|
| 925 |
# |
# |
|a G
|
| 926 |
# |
# |
|a A
|
| 927 |
# |
# |
|a SH
|
| 980 |
# |
# |
|a Thư viện Trường Đại học Đà Lạt
|